| 000 | 00540nam a2200193Ia 4500 | ||
|---|---|---|---|
| 005 | 20260429112304.0 | ||
| 008 | 260429s9999||||xx |||||||||||||| ||und|| | ||
| 020 | _a9781509556700 | ||
| 041 | _aEnglish | ||
| 082 |
_a330.1 _bSTU |
||
| 100 | _aSturgeon, James I. | ||
| 245 | 0 |
_aInstitutional economics : _btheory and practice / _cJames I. Sturgeon |
|
| 250 | _a1st ed. | ||
| 260 |
_aCambridge : _bPolity Press, _c2025. |
||
| 300 | _axii, 275 p.; pbk | ||
| 650 | _a Economic theory | ||
| 650 | _aInstitutional economics | ||
| 942 | _cTB | ||
| 999 |
_c53331 _d53331 |
||